Evaluación del efecto del tamaño de partícula, concentración de enzimas y tiempo en la hidrólisis y fermentación integradas para la producción de etanol
Αποθηκεύτηκε σε:
| Κύριος συγγραφέας: | |
|---|---|
| Άλλοι συγγραφείς: | |
| Μορφή: | Βιβλίο |
| Έκδοση: |
San José, Costa Rica
2010
|
| Θέματα: | |
| Ετικέτες: |
Προσθήκη ετικέτας
Δεν υπάρχουν, Καταχωρήστε ετικέτα πρώτοι!
|
MARC
| LEADER | 00000nam a2200000Ia 4500 | ||
|---|---|---|---|
| 003 | 010004 | ||
| 005 | 20240115105555.0 | ||
| 008 | 140114s2010 cr a 000 ||s d | ||
| 040 | |c cru CEDI | ||
| 090 | |a TFG 6178 | ||
| 100 | |a Villegas Segura, Mónica, 1982- |9 2164 | ||
| 245 | |a Evaluación del efecto del tamaño de partícula, concentración de enzimas y tiempo en la hidrólisis y fermentación integradas para la producción de etanol | ||
| 260 | |b San José, Costa Rica |c 2010 | ||
| 500 | |a Proyecto de Graduación (licenciatura en ingeniería química)--Universidad de Costa Rica. Facultad de Ingeniería. Escuela de Ingeniería Química | ||
| 501 | |a Director de Proyecto de Graduación: Ing. Director de Proyecto de Graduación: Ing. Manuel Molina Córdoba | ||
| 650 | |x ALCOHOL |x PRODUCCION |x INVESTIGACIONES |x BAGAZO DE CAÑA |x HIDROLISIS ENZIMATICA |9 3038 | ||
| 700 | |a Molina Córboda, Manuel Enrique , 1948- |d Director del TFG |9 2165 | ||
| 942 | |c TFG |h TFG 6178 |i 010004 |6 TFG_6178_010004000000000 | ||
| 999 | |c 16037 |d 16037 | ||
